[Event "23rd Biel Festival"]
[Site "Biel SUI"]
[Date "1990.07.26"]
[Round "1"]
[White "Polugaevsky, Lev"]
[Black "Lautier, Joel"]
[Result "1/2-1/2"]
[WhiteElo "2610"]
[BlackElo "2570"]
[EventDate "1990.07.20"]
[PlyCount "33"]

1.d4 Nf6 2.c4 e6 3.Nf3 b6 4.g3 Ba6 5.b3 Bb4+ 6.Bd2 Be7 7.Bg2 d5 8.cxd5 
exd5 9.Nc3 O-O 10.O-O Bb7 11.Ne5 Na6 12.Bc1 c5 13.Bb2 Nc7 14.e3 Re8 15.
dxc5 Bxc5 16.Na4 Rc8 17.Nxc5 1/2-1/2

[Event "23rd Biel Festival"]
[Site "Biel SUI"]
[Date "1990.07.20"]
[Round "1"]
[White "Wahls, Matthias"]
[Black "Hort, Vlastimil"]
[Result "1/2-1/2"]
[WhiteElo "2525"]
[BlackElo "2545"]
[EventDate "1990.07.20"]
[PlyCount "37"]

1.e4 e5 2.Nf3 Nc6 3.Bb5 Nf6 4.d3 d6 5.O-O Be7 6.c3 a6 7.Ba4 Bg4 8.Nbd2 Nd7
9.h3 Bh5 10.Re1 Nc5 11.Bc2 Ne6 12.Nf1 Ng5 13.Bxg5 Bxg5 14.Ng3 Bxf3 15.Qxf3
g6 16.Rad1 O-O 17.d4 Qe7 18.Ne2 h5 19.a3 1/2-1/2

[Event "23rd Biel Festival"]
[Site "Biel SUI"]
[Date "1990.07.21"]
[Round "2"]
[White "Hort, Vlastimil"]
[Black "Karpov, Anatoly"]
[Result "1/2-1/2"]
[WhiteElo "2545"]
[BlackElo "2730"]
[EventDate "1990.07.20"]
[PlyCount "33"]

1.d4 Nf6 2.Nf3 e6 3.Bg5 h6 4.Bh4 b6 5.e3 Bb7 6.Nbd2 Be7 7.c3 c5 8.h3 O-O 
9.Bd3 cxd4 10.cxd4 Nc6 11.a3 Nh5 12.Bxe7 Qxe7 13.O-O Rfc8 14.Rc1 Na5 15.
Qe2 d6 16.b4 Nc6 17.Rc2 1/2-1/2

[Event "23rd Biel Festival"]
[Site "Biel SUI"]
[Date "1990.07.21"]
[Round "2"]
[White "Lautier, Joel"]
[Black "Wahls, Matthias"]
[Result "0-1"]
[WhiteElo "2570"]
[BlackElo "2525"]
[EventDate "1990.07.20"]
[PlyCount "76"]

1.d4 Nf6 2.c4 g6 3.Nc3 Bg7 4.e4 d6 5.Be2 O-O 6.Nf3 e5 7.O-O Nc6 8.d5 Ne7 
9.Ne1 Nd7 10.Nd3 f5 11.Bd2 Nf6 12.f3 Kh8 13.Rc1 c6 14.dxc6 Nxc6 15.Be3 Be6
16.Qa4 Nd4 17.Rfe1 a6 18.c5 Rc8 19.Qa3 Bc4 20.cxd6 Bxd3 21.Bxd3 Rc6 22.
exf5 gxf5 23.Ne2 Rxd6 24.Nxd4 exd4 25.Bf4 Rd5 26.Bc7 Qa8 27.Bc4 Rd7 28.Be6
d3 29.Red1 d2 30.Rc2 Re8 31.Qb3 Rde7 32.Rcxd2 Rxe6 33.Rd8 Qa7+ 34.Kf1 Qe3 
35.Qxb7 Rxd8 36.Rxd8+ Ne8 37.Ba5 Qc1+ 38.Kf2 Qc5+ 0-1

[Event "23rd Biel Festival"]
[Site "Biel SUI"]
[Date "1990.07.23"]
[Round "4"]
[White "Polugaevsky, Lev"]
[Black "Wahls, Matthias"]
[Result "1/2-1/2"]
[WhiteElo "2610"]
[BlackElo "2525"]
[EventDate "1990.07.20"]
[PlyCount "103"]

1.d4 Nf6 2.c4 g6 3.Nc3 Bg7 4.e4 d6 5.Be2 O-O 6.Nf3 e5 7.O-O Nc6 8.d5 Ne7 
9.Nd2 a5 10.Rb1 Nd7 11.a3 f5 12.b4 Kh8 13.f3 Ng8 14.Qc2 Bh6 15.exf5 axb4 
16.axb4 gxf5 17.Nb3 Bg7 18.Bd3 Ndf6 19.Bg5 Ne7 20.Ra1 Rxa1 21.Rxa1 c6 22.
dxc6 bxc6 23.Ra8 Qb6+ 24.c5 Qxb4 25.cxd6 Qxd6 26.Be3 Nd7 27.Nd2 Qf6 28.Ne2
Nd5 29.Bf2 N7b6 30.Ra7 Nb4 31.Qb1 Nxd3 32.Qxd3 Rd8 33.Qc2 Nd5 34.Ra8 Nc7 
35.Rb8 Nb5 36.Nf1 Nd4 37.Qb2 Be6 38.Neg3 Rxb8 39.Qxb8+ Qf8 40.Qc7 Qe8 41.
Qa5 Qg6 42.f4 Nb3 43.Qd8+ Bg8 44.fxe5 f4 45.Ne2 Bxe5 46.Nxf4 Qf6 47.Qxf6+ 
Bxf6 48.Ng3 c5 49.Ne4 Be7 50.Be1 Kg7 51.Bc3+ Kf8 52.Nf6 1/2-1/2

[Event "23rd Biel Festival"]
[Site "Biel SUI"]
[Date "1990.07.24"]
[Round "5"]
[White "Hort, Vlastimil"]
[Black "Lautier, Joel"]
[Result "1/2-1/2"]
[WhiteElo "2545"]
[BlackElo "2570"]
[EventDate "1990.07.20"]
[PlyCount "66"]

1.d4 Nf6 2.c4 e6 3.Nf3 b6 4.g3 Ba6 5.b3 Bb4+ 6.Bd2 Be7 7.Bg2 c6 8.Bc3 Ne4 
9.Bb2 d5 10.Nbd2 f5 11.Qc2 Nd7 12.O-O O-O 13.a3 Bf6 14.Rfd1 Qe7 15.a4 Rfd8
16.Ne5 Rac8 17.Nxe4 fxe4 18.Ng4 Qf8 19.Nxf6+ Nxf6 20.Rac1 Ng4 21.Rf1 Qf5 
22.Qc3 Qh5 23.h3 Nf6 24.Qe3 Qg6 25.Rfd1 Qe8 26.Rd2 Qd7 27.Qf4 Qe7 28.Rdc2 
Qb4 29.cxd5 exd5 30.Qe3 Qd6 31.Qf4 Qb4 32.Qe3 Qd6 33.Qf4 Qb4 1/2-1/2

[Event "23rd Biel Festival"]
[Site "Biel SUI"]
[Date "1990.07.24"]
[Round "5"]
[White "Karpov, Anatoly"]
[Black "Polugaevsky, Lev"]
[Result "1-0"]
[WhiteElo "2730"]
[BlackElo "2610"]
[EventDate "1990.07.20"]
[PlyCount "55"]

1.d4 Nf6 2.c4 e6 3.Nf3 b6 4.g3 Ba6 5.Qa4 Bb7 6.Bg2 c5 7.dxc5 bxc5 8.O-O 
Be7 9.Nc3 O-O 10.Rd1 d6 11.Bf4 Qb6 12.Rd2 Nc6 13.Bxd6 Bxd6 14.Rxd6 Qxb2 
15.Rb1 Qxc3 16.Rxb7 Nd4 17.Qd1 Nxf3+ 18.Bxf3 Qxc4 19.a4 a5 20.Rb5 Ra7 21.
Rd8 g5 22.Rxf8+ Kxf8 23.Qd6+ Kg7 24.Rxc5 Rd7 25.Qe5 Qb4 26.Qxg5+ Kf8 27.
Rc8+ Ke7 28.Kg2 1-0

[Event "23rd Biel Festival"]
[Site "Biel SUI"]
[Date "1990.07.28"]
[Round "8"]
[White "Hort, Vlastimil"]
[Black "Wahls, Matthias"]
[Result "1/2-1/2"]
[WhiteElo "2545"]
[BlackElo "2525"]
[EventDate "1990.07.20"]
[PlyCount "49"]

1.d4 Nf6 2.c4 g6 3.Nc3 Bg7 4.g3 d5 5.cxd5 Nxd5 6.Bg2 Nxc3 7.bxc3 c5 8.e3 
Qa5 9.Bd2 O-O 10.Nf3 Rd8 11.O-O Nc6 12.Qe2 a6 13.Rfd1 Qc7 14.Be1 Na5 15.e4
Bd7 16.d5 Ba4 17.Rdc1 Bb5 18.Qc2 Be8 19.Bd2 b5 20.Bf4 Qc8 21.h4 Nc4 22.Nd2
Ne5 23.Nf3 Nc4 24.Nd2 Ne5 25.Nf3 1/2-1/2

[Event "23rd Biel Festival"]
[Site "Biel SUI"]
[Date "1990.07.29"]
[Round "9"]
[White "Karpov, Anatoly"]
[Black "Hort, Vlastimil"]
[Result "1/2-1/2"]
[WhiteElo "2730"]
[BlackElo "2545"]
[EventDate "1990.07.20"]
[PlyCount "37"]

1.d4 d5 2.c4 c6 3.Nf3 Nf6 4.Nc3 a6 5.e3 b5 6.cxb5 cxb5 7.Bd3 Bb7 8.O-O e6 
9.Ne5 Nbd7 10.f4 Be7 11.Bd2 O-O 12.Qf3 b4 13.Na4 Ne4 14.Qd1 Nxe5 15.fxe5 
Bc6 16.Bxe4 dxe4 17.Rc1 Bb5 18.Rf4 Rc8 19.Nc5 1/2-1/2